La cooperativa en la escuela : un proyecto didáctico hacia la autogestión pedagógica /
Guardado en:
| Autor Principal: | |
|---|---|
| Otros Autores: | |
| Formato: | Libro |
| Publicado: |
Buenos Aires :
Intercoop,
1988
|
| Series: | Manuales; No. 21
|
| Materias: | |
| Etiquetas: |
Agregar Etiqueta
Sin Etiquetas, Sea el primero en etiquetar este registro!
|
| LEADER | 00749nam a22002295a 4500 | ||
|---|---|---|---|
| 001 | CEM.cems004072 | ||
| 005 | 20060216000000.0 | ||
| 008 | 130507s1988##################000#0#####d | ||
| 003 | CEMS | ||
| 082 | 0 | 4 | |a 371 |
| 100 | 1 | |a Maggio, Mirta Marisa | |
| 245 | 1 | 0 | |a La cooperativa en la escuela : |b un proyecto didáctico hacia la autogestión pedagógica / |
| 260 | |a Buenos Aires : |b Intercoop, |c 1988 | ||
| 300 | |a 156 p. | ||
| 490 | 0 | |a Manuales; No. 21 | |
| 653 | |a Cooperativas escolares | ||
| 653 | |a Cooperativismo | ||
| 653 | |a Cooperativismo escolar | ||
| 653 | |a Educacion | ||
| 700 | 1 | |a Ruffini De Lasagna, María C. | |
| 859 | |a CEMS |b BIB. CEMS - 11 de abril |h 371 |i M272 |p 15407.89 |t Ej.1 | ||
| 859 | |a CEMS |b BIB. CEMS - 11 de abril |h 371 |i M272 |p 16755.92 |t Ej.2 | ||
